Normal view
MARC view
Entry Topical Term
001 - CONTROL NUMBER
- control field: 5537
003 - CONTROL NUMBER IDENTIFIER
- control field: ARRUPE
005 - DATE AND TIME OF LATEST TRANSACTION
- control field: 20131211164107.0
008 - FIXED-LENGTH DATA ELEMENTS
- fixed length control field: 131211|| aca||aabn | a|a d
040 ## - CATALOGING SOURCE
- Original cataloging agency: ARRUPE
- Transcribing agency: ARRUPE
150 ## - HEADING--TOPICAL TERM
- Topical term or geographic name as entry element: Philosophy, Zambian.
670 ## - SOURCE DATA FOUND
- Source citation: Work cat.: (ARRUPE)0: Dillon-Malone, Clive M. (Clive Mary) 5535, Zambian humanism, religion, and social morality /, c1989